Statistics for The 25 Greatest Americans

Click here to take the quiz!

General Stats

  • This quiz has been taken 72 times
  • The average score is 23 of 25

Answer Stats

# What they did / were American % Correct
140th President and actorRonald Reagan
100%
16Popular president who was assassinated in 1963John F. Kennedy
99%
13Inventor of Mickey MouseWalt Disney
99%
4First PresidentGeorge Washington
99%
3He has a dreamMartin Luther King Jr.
99%
25First man on the moonNeil Armstrong
99%
20Cyclist who lost his 7 Tour de France titles due to dopingLance Armstrong
97%
2President during American Civil WarAbraham Lincoln
97%
18CEO of MicrosoftBill Gates
97%
8"King of Rock and Roll", TupeloElvis Presley
97%
742nd PresidentBill Clinton
96%
643rd PresidentGeorge W. Bush
96%
15He invented the light bulbThomas Alva Edison
96%
14German-born discoverer of the theory of relativityAlbert Einstein
94%
9African-American known for her talk showOprah Winfrey
94%
21Boxer, born Cassius ClayMuhammad Ali
94%
22Refused to give her bus seat to a White, in AlabamaRosa Parks
93%
10President 1933-1945Franklin D. Roosevelt
91%
12Writer and 3rd PresidentThomas Jefferson
88%
19Wife of No. 10Eleanor Roosevelt
88%
23Built the first successful airplaneThe Wright Brothers
88%
24Industralist and automotive tycoon from DearbornHenry Ford
88%
5Founding Father and inventor of the lightning rodBenjamin Franklin
84%
11Evangelist and influential preacher (died in 2018)Billy Graham
58%
17Comedian, received five honorary OscarsBob Hope
52%

Score Distribution

Percentile by Number Answered

Percent of People with Each Score

Your Score History

You have not taken this quiz